000 00843nam a2200241 i 4500
001 bg
245 0 0 _aBudownictwo ogólne :
_bzagadnienia konstrukcyjne, materiałowe i cieplno-wilgotnościowe w budownictwie /
_c[oprac. red. i techniczne Dorota Ślachciak, Ewa Olawińska ; aut. Jarosław Awksientjuk et al.].
260 _aBydgoszcz :
_bWydaw. Uczelniane Akademii Techniczno-Rolniczej,
_c2003.
300 _a306 s. :
_bil. ;
_c24 cm.
500 _aNazwy aut. na s. 301-306.
504 _aBibliogr. przy art.
650 9 _aBudownictwo
_xzagadnienia
700 1 _aŚLACHCIAK, Dorota.
_eRed.
700 1 _aOLAWIŃSKA, Ewa.
_eRed.
700 1 _aAWKSIENTJUK, Jarosław
020 _a8389334356
040 _cBPK
041 0 _apol
080 _a69
920 _a83-89334-35-6
942 _cKS
008 s pl f |000 0 pol
999 _c45665
_d45665
856 _uhttp://koha.tu.koszalin.pl/cgi-bin/koha/opac-detail.pl?biblionumber=45665
_yKatalog online BPK